Minilexikón fyzikálnej chémie : Prehľad vzťahov,zákonitosti a poučiek /

Salvato in:
Dettagli Bibliografici
Autore principale: Ulický, Ladislav (Autore)
Natura: Libro
Lingua:slovacco
Pubblicazione: Bratislava : Alfa, 1987
Tags: Aggiungi Tag
Nessun Tag, puoi essere il primo ad aggiungerne!!

MARC

LEADER 00000nam a22000003a 4500
001 stu15179
005 20150617225801.0
008 ------s1987----cs------------------slo-d
040 |a STU  |b slo 
041 0 |a slo 
044 |a cs 
080 |a 541.1 
100 1 |a Ulický, Ladislav  |4 aut 
245 1 |a Minilexikón fyzikálnej chémie :  |b Prehľad vzťahov,zákonitosti a poučiek /  |c [aut.]Ulický,Ladislav 
260 |a Bratislava :  |b Alfa,  |c 1987 
300 |a 226 s :  |b Grafy,register 
996 |b C79684  |c C*79684  |l CCV  |s P  |a 0  |w stu15179_0001 
996 |b C79750  |c C*79750  |l CCX  |s P  |a 0  |w stu15179_0002